000 00742nam a2200217 i 4500
001 90059
003 ES-MaACL
005 20230906180333.0
007 t|
008 050118s1942 sp ||||1| spa d
100 1 _aLeal, Juan.
_970969
245 1 3 _aEl valor histórico de los evangelios /
_cpor Juan Leal.
250 _a2ª ed.
260 _aGranada :
_bFacultad Teológica,
_c1942 (
_eCádiz :
_fCeron)
300 _a256 p. ;
_c18 cm.
490 1 _aPublicaciones del Centro de Cultura Religiosa Superior ;
_v1
710 2 _aUniversidad de Granada.
_bFacultad de Teología.
_97186
830 0 _aPublicaciones del Centro de Cultura Religiosa Superior ;
_v1
_9231926
852 _aES-MaACL
_jB-10336
_bR.22177
999 _c90059
_d90059